000 00292nam a2200121Ia 4500
008 240731s9999 xx 000 0 und d
022 _a2376-7626
245 0 _aEco science
260 _bTaylor & Francis
856 _uhttps://www.tandfonline.com/loi/teco20
942 _2ddc
942 _cTFEJ
999 _c80335
_d80335
945 _a1
_bMadushi Gamage
_c1
_dMadushi Gamage